| 000 | 00843nam a22002417a 4500 | ||
|---|---|---|---|
| 999 |
_c1221 _d1221 |
||
| 003 | AR-CdUCM | ||
| 008 | 190226b ||||| |||| 00| 0 spa d | ||
| 040 |
_aMUNICIPALIDAD PROVINCIAL DEL CUSCO _cBIBLIOTECA MUNICIPAL DEL CUSCO |
||
| 041 | _hfre | ||
| 082 |
_a284 / _bF31 |
||
| 100 |
_aFebvre, Lucien _94762 |
||
| 245 | _aMartín Lutero un Destino / | ||
| 260 |
_aMéxico : _bFondo de Cultura Económica, _c1956. |
||
| 300 |
_a282 paginas ; _c17 cm. |
||
| 505 | _aAntes del viaje a Roma -- Las indulgencias -- El monjazgo de Lutero -- El florecimiento -- La Alemania de 1517 y Lutero -- El idealista de 1520... | ||
| 650 |
_aBiografia _9437 |
||
| 650 |
_aViaje a Roma _94763 |
||
| 650 |
_aVida espiritual _94764 |
||
| 650 |
_aLos Huttenistas _94765 |
||
| 700 |
_aSegovia Tomás _94766 |
||
| 942 |
_2ddc _cLIBROS |
||
| 945 |
_awnts _d2019-02-26 |
||